Hedda Gabler : and other plays: The pillars of the community; The wild duck; Hedda Gabler /

Saved in:
Bibliografiske detaljer
Hovedforfatter: Ibsen, Henrik, 1828-1906
Format: Bog
Sprog:English
Udgivet: Harmondsworth : Penguin Books, 1950.
Serier:Penguin classics ; L16
LEADER 01078nam a22002531 4500
001 c000364268
003 CARM
005 00000000000000.0
008 851113s1950 enk 00000 eng d
019 1 |a 4155663  |5 LACONCORD2021 
035 |a (OCoLC)219645220  |5 LACONCORD2021 
100 1 |a Ibsen, Henrik,  |d 1828-1906. 
245 1 0 |a Hedda Gabler :  |b and other plays: The pillars of the community; The wild duck; Hedda Gabler /  |c by H.Ibsen. Trans. from the Norwegian by U.Ellis-Fermor. 
260 |a Harmondsworth :  |b Penguin Books,  |c 1950. 
490 0 |a Penguin classics ;  |v L16 
500 |a First pub. under the title Three plays. 
700 1 |a Ibsen, Henrik,  |d 1828-1906  |t Pillars of the community. 
700 1 |a Ibsen, Henrik,  |d 1828-1906  |t Vildanden. 
740 4 |a The Pillars of the community. 
740 4 |a The Wild duck. 
852 8 |b CARM  |h A1:AL36A0  |i A05325  |p 0466726  |f BK 
082 0 4 |a 839.8226 
999 f f |i 1c2537ea-9153-5da9-9bd8-976c2640efb7  |s 14d014b5-a4b1-58c9-8d10-10291b629b12 
952 f f |p Can circulate  |a CAVAL  |b CAVAL  |c CAVAL  |d CARM 1 Store  |e A05325  |f A1:AL36A0  |h Other scheme  |i book  |m 0466726